000 00318nam a2200133Ia 4500
008 240624s9999 xx 000 0 und d
041 _aeng
082 _a823 GAU
100 _aGAUTREAUX TIM
245 _aSAME PLACE SAME THINGS
260 _c1996
_aNew York
_bPicador
300 _a211 : p. : cm. ; 21
365 _c
_b20
999 _c11895
_d11895